NFL Highest Salaries - Season 2024/25 - Statistics

General Stats
  • This quiz has been taken 52 times
  • The average score is 16 of 25
Answer Stats
Player Contract in 24/25 (in million USD) % Correct
13 Patrick Mahomes 45
93%
4 Joe Burrow 55
88%
14 Josh Allen 43
79%
8 Lamar Jackson 52
79%
1 Dak Prescott 60
77%
9 Jalen Hurts 51
74%
6 Jared Goff 53
72%
7 Justin Herbert 52.5
72%
2 Jordan Love 55
70%
19 Justin Jefferson 35
70%
17 Aaron Rodgers 37.5
67%
15 Matthew Stafford 40
67%
12 Kirk Cousins 45
65%
3 Trevor Lawrence 55
65%
24 Chris Jones 31.75
63%
16 Daniel Jones 40
63%
5 Tua Tagovailoa 53.1
63%
10 Kyler Murray 46.1
60%
11 Deshaun Watson 46
58%
22 Baker Mayfield 33.33
56%
18 Derek Carr 37.5
53%
20 CeeDee Lamb 34
49%
21 Nick Bosa 34
49%
25 Amon-Ra St.Brown 30.003
44%
23 A.J. Brown 32
40%
No matching quizzes found
Score Distribution
Percent of People with Each Score
Percentile by Number Answered
Your Score History
You have not taken this quiz